000 00786cam a22002412 4500
001 0000001136
005 20151217154328.0
008 070226s xx 000 0 eng d
020 _a0736910301 :
_cKES 390
040 _aKABU
_cKABU
050 0 _aBV227
_b.O43 2002
100 1 _aOmartian, Stormie.
_@0000151927
245 1 4 _aThe Power of a praying nation /
_cStormie Omartian.
250 _aglobal ed.
260 _aEugene, Or. :
_bHarvest House Publishers,
_c2002.
300 _a 127p. ;
_c21 cm.
650 0 _aIntercessory prayer
_xChristianity.
_@0000149526
650 0 _aChristianity and international affairs.
_@0000161082
650 0 _aChristianity and politics.
_@0000149762
908 _a070226
950 _@1
999 _c10516
_d10516